=LDR 00000nam 2200000 4500 =001 INLIS000000000060443 =005 20220131022756 =035 ##$$a 0010-0122000379 =007 ta =008 220131###########################0#ind## =082 ##$$a R. 352.102 6 =084 ##$$a R. 352.102 6 Ind p =245 ##$$a Peraturan Pemerintah Republik Indonesia Nomor 39 Tahun 2007 Tentang Pengelolaan Uang Nega5ra/Daerah =300 ##$$a 171 halaman ; $c 21 cm. =650 #4$$a Keuangan Daerah- Undang-Undang dan Peraturan =264 ##$$a jakarta :$b Eka Jaya,$c 2007 =336 ##$$a teks$2 rdacontent =337 ##$$a lain-lain$2 rdamedia =338 ##$$a lain-lain$2 rdacarrier =990 ##$$a 04930493